[Event "Hoogeveen Open 2016"]
[Site "Hoogeveen"]
[Date "2016.10.21"]
[Round "8.12"]
[White "Otte, Marijn"]
[Black "Sundararajan, Kidambi"]
[Result "1/2-1/2"]
[BlackElo "2429"]
[WhiteElo "2213"]
[LiveChessVersion "1.4.8"]

1. e4 {[%clk 1:22:06]} c5 {[%clk 1:30:49]} 2. Nf3 {[%clk 1:22:30]} Nc6
{[%clk 1:31:13]} 3. d4 {[%clk 1:22:55]} cxd4 {[%clk 1:31:34]} 4. Nxd4
{[%clk 1:23:22]} g6 {[%clk 1:31:55]} 5. c4 {[%clk 1:23:34]} Bg7 {[%clk 1:32:18]}
6. Be3 {[%clk 1:23:59]} Nf6 {[%clk 1:32:16]} 7. Nc3 {[%clk 1:24:25]} Ng4
{[%clk 1:28:01]} 8. Qxg4 {[%clk 1:22:22]} Nxd4 {[%clk 1:28:23]} 9. Qd1
{[%clk 1:22:20]} Ne6 {[%clk 1:28:45]} 10. Qd2 {[%clk 1:21:07]} O-O
{[%clk 1:26:40]} 11. Be2 {[%clk 1:13:55]} b6 {[%clk 1:25:49]} 12. O-O
{[%clk 1:13:20]} Bb7 {[%clk 1:26:06]} 13. f3 {[%clk 1:13:30]} a5 {[%clk 1:23:56]}
14. Na4 {[%clk 1:09:32]} Bc6 {[%clk 1:10:01]} 15. Nxb6 {[%clk 1:05:33]} Rb8
{[%clk 1:10:15]} 16. c5 {[%clk 1:04:49]} d6 {[%clk 1:06:02]} 17. cxd6
{[%clk 1:04:00]} Rxb6 {[%clk 1:04:08]} 18. dxe7 {[%clk 1:03:31]} Qxd2
{[%clk 0:56:24]} 19. exf8=Q+ {[%clk 1:02:21]} Kxf8 {[%clk 0:53:08]} 20. Bxd2
{[%clk 1:02:43]} Rxb2 {[%clk 0:53:15]} 21. Rad1 {[%clk 1:01:27]} Ba4
{[%clk 0:47:57]} 22. Bc4 {[%clk 1:01:26]} Bxd1 {[%clk 0:40:27]} 23. Rxd1
{[%clk 1:01:37]} a4 {[%clk 0:39:41]} 24. Be3 {[%clk 0:47:10]} Be5
{[%clk 0:29:33]} 25. g3 {[%clk 0:45:10]} Ke7 {[%clk 0:25:19]} 26. Rd2
{[%clk 0:44:28]} Rb4 {[%clk 0:23:07]} 27. Bd5 Bd4 {[%clk 0:20:46]} 28. Kf2
{[%clk 0:38:53]} h5 {[%clk 0:13:31]} 29. Bxd4 {[%clk 0:31:08]} Rxd4
{[%clk 0:13:18]} 30. Rxd4 {[%clk 0:31:23]} Nxd4 {[%clk 0:13:40]} 31. Ke3
{[%clk 0:31:28]} Nc2+ {[%clk 0:13:05]} 32. Kd2 {[%clk 0:30:22]} Nd4
{[%clk 0:13:07]} 33. e5 {[%clk 0:30:30]} f6 {[%clk 0:12:38]} 34. exf6+
{[%clk 0:30:11]} Kxf6 {[%clk 0:13:02]} 35. Kd3 {[%clk 0:30:20]} Nf5
{[%clk 0:12:49]} 36. a3 {[%clk 0:27:37]} h4 {[%clk 0:13:02]} 37. gxh4
{[%clk 0:26:55]} Ke5 {[%clk 0:12:48]} 38. Be4 {[%clk 0:22:35]} Nxh4
{[%clk 0:11:56]} 39. Ke3 {[%clk 0:23:02]} g5 {[%clk 0:10:49]} 40. Bc2
{[%clk 0:22:32]} Nf5+ {[%clk 0:08:27]} 41. Kf2 {[%clk 0:14:21]} Nd6
{[%clk 0:18:29]} 42. Bxa4 {[%clk 0:42:31]} Nc4 {[%clk 0:18:24]} 43. Bb5
{[%clk 0:42:12]} Nxa3 {[%clk 0:18:45]} 44. Bd3 {[%clk 0:42:39]} Kd4
{[%clk 0:13:49]} 45. Ke2 {[%clk 0:42:53]} Kd5 {[%clk 0:13:21]} 46. Kd1
{[%clk 0:39:56]} Nc4 {[%clk 0:10:43]} 47. Bxc4+ {[%clk 0:40:13]} Kxc4
{[%clk 0:11:07]} 48. Ke2 {[%clk 0:39:33]} Kd4 {[%clk 0:11:30]} 49. Kf2
{[%clk 0:40:00]} Ke5 {[%clk 0:11:40]} 50. Kg3 {[%clk 0:40:22]} Kf5
{[%clk 0:12:01]} 51. h3 {[%clk 0:40:49]} Kf6 {[%clk 0:12:22]} 52. Kg4 Ke5 1/2-1/2

[Event "Hoogeveen Open 2016"]
[Site "Hoogeveen"]
[Date "2016.10.21"]
[Round "8.13"]
[White "Heemskerk, Wim"]
[Black "Vereggen, Lars"]
[Result "0-1"]
[BlackElo "2380"]
[WhiteElo "2243"]
[LiveChessVersion "1.4.8"]

1. Nf3 {[%clk 1:30:55]} d5 {[%clk 1:29:45]} 2. g3 {[%clk 1:31:17]} c6
{[%clk 1:30:04]} 3. Bg2 {[%clk 1:31:31]} Nf6 {[%clk 1:30:27]} 4. O-O
{[%clk 1:31:40]} Bg4 {[%clk 1:30:52]} 5. c4 {[%clk 1:30:46]} e6 {[%clk 1:30:43]}
6. d3 {[%clk 1:30:18]} Nbd7 {[%clk 1:31:05]} 7. cxd5 {[%clk 1:30:03]} cxd5
{[%clk 1:30:14]} 8. Nc3 {[%clk 1:27:18]} Bc5 {[%clk 1:28:48]} 9. h3
{[%clk 1:20:20]} Bxf3 {[%clk 1:26:04]} 10. Bxf3 {[%clk 1:20:06]} O-O
{[%clk 1:26:23]} 11. e4 {[%clk 1:13:43]} d4 {[%clk 1:26:40]} 12. Ne2
{[%clk 1:13:23]} Qb6 {[%clk 1:26:40]} 13. Bg2 {[%clk 1:11:41]} e5
{[%clk 1:26:17]} 14. f4 {[%clk 1:11:05]} Rfe8 {[%clk 1:25:08]} 15. g4
{[%clk 1:02:09]} exf4 {[%clk 1:22:21]} 16. Nxf4 {[%clk 1:01:13]} h6
{[%clk 1:21:29]} 17. h4 {[%clk 0:57:39]} Re5 {[%clk 1:09:35]} 18. b4
{[%clk 0:46:05]} Bd6 {[%clk 1:06:16]} 19. g5 {[%clk 0:40:39]} hxg5
{[%clk 1:06:27]} 20. hxg5 {[%clk 0:40:37]} Rxg5 {[%clk 1:04:20]} 21. Nd5
{[%clk 0:38:57]} Nxd5 {[%clk 1:04:16]} 22. Bxg5 {[%clk 0:37:10]} Ne3
{[%clk 1:04:30]} 23. Qh5 {[%clk 0:31:23]} Nxf1 {[%clk 1:01:51]} 24. Rxf1
{[%clk 0:29:39]} Ne5 {[%clk 1:02:05]} 25. Bf4 {[%clk 0:24:23]} Qc7
{[%clk 1:00:50]} 26. Rc1 {[%clk 0:17:14]} Qe7 {[%clk 1:00:20]} 27. Bxe5
{[%clk 0:15:32]} Bxe5 {[%clk 1:00:25]} 28. a3 {[%clk 0:11:57]} g6
{[%clk 0:58:24]} 29. Qh3 {[%clk 0:06:06]} Kg7 {[%clk 0:57:21]} 30. Rc8
{[%clk 0:06:11]} Rxc8 {[%clk 0:57:41]} 31. Qxc8 {[%clk 0:06:40]} Qg5
{[%clk 0:57:55]} 32. Qc2 {[%clk 0:06:21]} Qe3+ {[%clk 0:57:31]} 33. Kf1
{[%clk 0:06:33]} Bh2 {[%clk 0:54:58]} 34. Qe2 {[%clk 0:02:39]} Qg1# 0-1

[Event "Hoogeveen Open 2016"]
[Site "Hoogeveen"]
[Date "2016.10.21"]
[Round "8.14"]
[White "Kerigan, Demre"]
[Black "Vroombout, Enrico"]
[Result "1-0"]
[BlackElo "2190"]
[WhiteElo "2362"]
[LiveChessVersion "1.4.8"]

1. e4 {[%clk 1:30:49]} e6 {[%clk 1:30:54]} 2. d4 {[%clk 1:31:11]} d5
{[%clk 1:31:21]} 3. Nd2 {[%clk 1:31:23]} Nf6 {[%clk 1:31:48]} 4. e5
{[%clk 1:31:45]} Nfd7 {[%clk 1:32:15]} 5. Bd3 {[%clk 1:32:05]} c5
{[%clk 1:32:35]} 6. c3 {[%clk 1:32:29]} Nc6 {[%clk 1:33:02]} 7. Ngf3
{[%clk 1:32:40]} g6 {[%clk 1:33:10]} 8. h4 {[%clk 1:32:48]} h6 {[%clk 1:32:28]}
9. Nf1 {[%clk 1:21:48]} a6 {[%clk 1:26:32]} 10. h5 {[%clk 1:21:17]} g5
{[%clk 1:26:57]} 11. Ne3 {[%clk 1:21:21]} b5 {[%clk 1:22:37]} 12. O-O
{[%clk 1:15:41]} Bg7 {[%clk 1:17:49]} 13. Ng4 {[%clk 1:13:08]} b4
{[%clk 1:02:27]} 14. Qe2 {[%clk 1:02:16]} Qc7 {[%clk 0:54:12]} 15. Be3
{[%clk 0:58:31]} c4 {[%clk 0:46:28]} 16. Bc2 {[%clk 0:56:13]} Rb8
{[%clk 0:46:28]} 17. Ne1 {[%clk 0:54:45]} bxc3 {[%clk 0:38:02]} 18. bxc3
{[%clk 0:54:30]} Qa5 {[%clk 0:38:07]} 19. Qd2 {[%clk 0:52:44]} Ne7
{[%clk 0:16:24]} 20. f4 {[%clk 0:52:30]} f5 {[%clk 0:16:12]} 21. exf6
{[%clk 0:52:00]} Nxf6 {[%clk 0:16:04]} 22. Nxf6+ {[%clk 0:51:21]} Bxf6
{[%clk 0:16:30]} 23. fxg5 {[%clk 0:51:04]} Bxg5 {[%clk 0:16:56]} 24. Bxg5
{[%clk 0:50:51]} hxg5 {[%clk 0:17:22]} 25. Qxg5 {[%clk 0:49:30]} Rg8
{[%clk 0:12:34]} 26. Qe5 {[%clk 0:46:13]} Rb7 {[%clk 0:07:47]} 27. h6
{[%clk 0:44:19]} Nc6 {[%clk 0:08:01]} 28. Qh5+ {[%clk 0:43:21]} Kd8
{[%clk 0:08:03]} 29. h7 {[%clk 0:43:16]} Rh8 {[%clk 0:08:29]} 30. Qg5+
{[%clk 0:43:07]} Re7 {[%clk 0:07:09]} 31. Qf6 {[%clk 0:40:10]} Qxc3
{[%clk 0:05:39]} 32. Qxh8+ {[%clk 0:40:00]} Kc7 {[%clk 0:05:48]} 33. Nf3
{[%clk 0:38:20]} Qxc2 {[%clk 0:06:00]} 34. Qxc8+ {[%clk 0:38:35]} 1-0

[Event "Hoogeveen Open 2016"]
[Site "Hoogeveen"]
[Date "2016.10.21"]
[Round "8.15"]
[White "Van Osch, Mees"]
[Black "Sparenberg, Erik"]
[Result "1-0"]
[BlackElo "2140"]
[WhiteElo "2288"]
[LiveChessVersion "1.4.8"]

1. e4 {[%clk 1:30:57]} e5 {[%clk 1:30:46]} 2. Nf3 {[%clk 1:31:25]} Nc6
{[%clk 1:31:10]} 3. Bc4 {[%clk 1:31:52]} Nf6 {[%clk 1:31:35]} 4. Ng5
{[%clk 1:32:19]} Bc5 {[%clk 1:31:48]} 5. Bxf7+ {[%clk 1:32:43]} Ke7
{[%clk 1:32:09]} 6. Bb3 {[%clk 1:33:09]} Rf8 {[%clk 1:30:08]} 7. O-O
{[%clk 1:33:31]} d6 {[%clk 1:29:28]} 8. Nc3 {[%clk 1:33:56]} Nd4 {[%clk 1:22:06]}
9. Nd5+ {[%clk 1:26:41]} Nxd5 {[%clk 1:18:57]} 10. Bxd5 {[%clk 1:26:59]} h6
{[%clk 1:16:54]} 11. c3 {[%clk 1:26:10]} hxg5 {[%clk 1:00:13]} 12. cxd4
{[%clk 1:26:29]} Bxd4 {[%clk 1:00:23]} 13. d3 {[%clk 1:26:51]} g4
{[%clk 0:50:10]} 14. Bg5+ {[%clk 1:23:55]} Rf6 {[%clk 0:46:26]} 15. h3
{[%clk 1:12:43]} Qe8 {[%clk 0:31:39]} 16. g3 {[%clk 0:30:22]} gxh3
{[%clk 0:27:43]} 17. Kh2 {[%clk 0:24:10]} Qg6 {[%clk 0:26:59]} 18. f4
{[%clk 0:24:29]} exf4 {[%clk 0:26:51]} 19. Bxf4 {[%clk 0:23:44]} c6
{[%clk 0:21:59]} 20. Bb3 {[%clk 0:15:08]} Be6 {[%clk 0:14:56]} 21. Bxe6
{[%clk 0:12:53]} Rxe6 {[%clk 0:15:17]} 22. Qb3 {[%clk 0:13:19]} b6
{[%clk 0:12:40]} 23. Qa4 {[%clk 0:12:22]} Be5 {[%clk 0:09:58]} 24. Qxc6
{[%clk 0:12:23]} Rd8 {[%clk 0:08:53]} 25. Rac1 {[%clk 0:08:16]} Qh5
{[%clk 0:05:22]} 26. Rc2 {[%clk 0:08:12]} Rg6 {[%clk 0:04:57]} 27. Qd5
{[%clk 0:06:48]} Rd7 {[%clk 0:01:21]} 28. Bxe5 {[%clk 0:05:06]} Rg5
{[%clk 0:00:31]} 29. Bxd6+ {[%clk 0:05:19]} Rxd6 {[%clk 0:00:47]} 30. Rc7+
{[%clk 0:05:34]} Ke8 {[%clk 0:01:08]} 31. Qg8# {[%clk 0:05:54]} 1-0

[Event "Hoogeveen Open 2016"]
[Site "Hoogeveen"]
[Date "2016.10.21"]
[Round "8.16"]
[White "Schut, Han"]
[Black "Vrolijk, Liam"]
[Result "1/2-1/2"]
[BlackElo "2265"]
[WhiteElo "2128"]
[LiveChessVersion "1.4.8"]

1. e4 {[%clk 1:29:31]} g6 {[%clk 1:30:50]} 2. d4 {[%clk 1:29:30]} Bg7
{[%clk 1:31:14]} 3. Nc3 {[%clk 1:29:51]} d6 {[%clk 1:31:39]} 4. f4
{[%clk 1:30:07]} a6 {[%clk 1:32:02]} 5. Nf3 {[%clk 1:30:24]} b5 {[%clk 1:32:26]}
6. Bd3 {[%clk 1:30:44]} Nd7 {[%clk 1:32:49]} 7. e5 {[%clk 1:31:01]} c5
{[%clk 1:33:01]} 8. Ng5 {[%clk 1:25:48]} Nh6 {[%clk 1:30:52]} 9. e6
{[%clk 1:16:41]} Nf6 {[%clk 1:31:00]} 10. dxc5 {[%clk 0:58:35]} Bxe6
{[%clk 1:20:30]} 11. Nxe6 {[%clk 0:58:01]} fxe6 {[%clk 1:20:53]} 12. Qe2
{[%clk 0:56:30]} Qc8 {[%clk 1:17:57]} 13. cxd6 {[%clk 0:53:56]} exd6
{[%clk 1:18:16]} 14. a4 {[%clk 0:54:00]} b4 {[%clk 1:11:07]} 15. Ne4
{[%clk 0:54:21]} Nxe4 {[%clk 1:07:50]} 16. Bxe4 {[%clk 0:54:36]} Ra7
{[%clk 1:01:33]} 17. O-O {[%clk 0:48:06]} O-O {[%clk 0:59:03]} 18. Be3
{[%clk 0:45:00]} Rc7 {[%clk 0:55:14]} 19. a5 {[%clk 0:39:12]} Nf5
{[%clk 0:38:37]} 20. Bb6 {[%clk 0:37:07]} Rcf7 {[%clk 0:24:25]} 21. Bd3
{[%clk 0:27:17]} Bxb2 {[%clk 0:23:03]} 22. Bxa6 {[%clk 0:25:44]} Nd4
{[%clk 0:13:22]} 23. Bxd4 {[%clk 0:20:51]} Bxd4+ {[%clk 0:13:04]} 24. Kh1
{[%clk 0:21:20]} Qc5 {[%clk 0:10:48]} 25. Rad1 {[%clk 0:19:41]} Ra8
{[%clk 0:07:39]} 26. Qxe6 {[%clk 0:18:05]} Rxa6 {[%clk 0:07:14]} 27. Rxd4
{[%clk 0:18:32]} 1/2-1/2

[Event "Hoogeveen Open 2016"]
[Site "Hoogeveen"]
[Date "2016.10.21"]
[Round "8.17"]
[White "Grant, Jonathan I M"]
[Black "Keetman, Maaike"]
[Result "0-1"]
[BlackElo "2174"]
[WhiteElo "2223"]
[LiveChessVersion "1.4.8"]

1. c4 {[%clk 1:30:57]} e5 {[%clk 1:30:56]} 2. g3 {[%clk 1:31:22]} c6
{[%clk 1:31:22]} 3. d4 {[%clk 1:31:03]} e4 {[%clk 1:31:40]} 4. Nc3
{[%clk 1:24:34]} d5 {[%clk 1:32:02]} 5. f3 {[%clk 1:24:23]} exf3 {[%clk 1:28:22]}
6. exf3 {[%clk 1:20:34]} Nf6 {[%clk 1:24:27]} 7. Bg5 {[%clk 1:07:13]} Be7
{[%clk 1:19:21]} 8. c5 {[%clk 1:05:58]} O-O {[%clk 1:16:01]} 9. Bd3
{[%clk 1:01:43]} Re8 {[%clk 1:08:02]} 10. Nce2 {[%clk 0:55:37]} Nbd7
{[%clk 0:54:12]} 11. Qc2 {[%clk 0:47:15]} Nf8 {[%clk 0:47:05]} 12. h4
{[%clk 0:45:49]} Nh5 {[%clk 0:42:56]} 13. O-O-O {[%clk 0:43:49]} b6
{[%clk 0:32:42]} 14. Kb1 {[%clk 0:37:05]} Nf6 {[%clk 0:19:24]} 15. Rc1
{[%clk 0:27:38]} bxc5 {[%clk 0:14:51]} 16. dxc5 {[%clk 0:27:53]} N6d7
{[%clk 0:14:17]} 17. Nd4 {[%clk 0:26:47]} Ne5 {[%clk 0:13:50]} 18. Nf5
{[%clk 0:11:49]} Bxg5 {[%clk 0:11:32]} 19. hxg5 {[%clk 0:11:34]} Bxf5
{[%clk 0:08:05]} 20. Bxf5 {[%clk 0:11:52]} g6 {[%clk 0:08:31]} 21. Bd3
{[%clk 0:11:20]} Nxd3 {[%clk 0:08:21]} 22. Qxd3 {[%clk 0:11:48]} Qxg5
{[%clk 0:08:41]} 23. f4 {[%clk 0:09:24]} Qe7 {[%clk 0:07:44]} 24. Nf3
{[%clk 0:09:06]} Qe3 {[%clk 0:07:02]} 25. Rc3 {[%clk 0:09:00]} Qxd3+
{[%clk 0:06:15]} 26. Rxd3 {[%clk 0:09:30]} Ne6 {[%clk 0:06:44]} 27. Rc1
{[%clk 0:09:30]} f6 {[%clk 0:06:20]} 28. Ra3 {[%clk 0:05:05]} a5 {[%clk 0:04:15]}
29. Re3 {[%clk 0:03:24]} Kf7 {[%clk 0:04:25]} 30. Re2 {[%clk 0:03:06]} Rab8
{[%clk 0:03:49]} 31. Rh1 {[%clk 0:02:29]} Kg7 {[%clk 0:03:05]} 32. Rc1
{[%clk 0:02:46]} Kf7 {[%clk 0:02:15]} 33. Rh1 {[%clk 0:03:06]} h5
{[%clk 0:02:13]} 34. Rc1 {[%clk 0:03:22]} Rb5 {[%clk 0:02:33]} 35. Rxe6
{[%clk 0:03:19]} Rxe6 {[%clk 0:02:03]} 36. Nd4 {[%clk 0:03:39]} Rb4
{[%clk 0:02:24]} 37. Nxe6 {[%clk 0:03:30]} Kxe6 {[%clk 0:02:53]} 38. a3
{[%clk 0:02:33]} Rc4 {[%clk 0:02:33]} 39. Re1+ {[%clk 0:02:06]} Re4
{[%clk 0:02:25]} 40. Rc1 {[%clk 0:01:21]} Kf5 {[%clk 0:02:20]} 41. Rc3
{[%clk 0:01:03]} Kg4 {[%clk 0:01:34]} 42. Kc2 {[%clk 0:30:22]} h4
{[%clk 0:24:00]} 43. gxh4 {[%clk 0:29:10]} Rxf4 {[%clk 0:23:53]} 44. Re3
{[%clk 0:27:54]} Rc4+ {[%clk 0:23:02]} 45. Rc3 {[%clk 0:28:22]} f5
{[%clk 0:20:49]} 46. b4 {[%clk 0:27:23]} Re4 {[%clk 0:14:14]} 47. b5
{[%clk 0:26:35]} cxb5 {[%clk 0:14:32]} 48. c6 {[%clk 0:26:59]} Re8
{[%clk 0:15:00]} 49. Kd3 {[%clk 0:23:02]} f4 {[%clk 0:13:40]} 50. c7
{[%clk 0:21:18]} Rc8 {[%clk 0:14:09]} 51. Rc6 {[%clk 0:19:30]} Kxh4
{[%clk 0:13:09]} 52. Kd4 {[%clk 0:18:34]} g5 {[%clk 0:12:35]} 53. Kxd5
{[%clk 0:18:15]} f3 {[%clk 0:12:10]} 54. Ke4 {[%clk 0:17:42]} Kg3
{[%clk 0:11:25]} 55. Rc3 {[%clk 0:16:21]} g4 {[%clk 0:11:44]} 56. Kf5
{[%clk 0:16:24]} b4 {[%clk 0:08:21]} 57. axb4 {[%clk 0:16:52]} axb4
{[%clk 0:08:50]} 58. Rc4 {[%clk 0:16:36]} f2 {[%clk 0:07:51]} 59. Rxg4+
{[%clk 0:16:51]} Kh3 {[%clk 0:08:10]} 60. Rf4 {[%clk 0:15:05]} Rxc7
{[%clk 0:08:32]} 61. Kg5 {[%clk 0:12:42]} Rc5+ {[%clk 0:08:09]} 62. Kg6
{[%clk 0:12:33]} Kg3 {[%clk 0:08:11]} 0-1

[Event "Hoogeveen Open"]
[Site "Hoogeveen, Netherlands"]
[Date "2016.10.21"]
[Round "8.18"]
[White "Harsha Bharathakoti"]
[Black "Mijnheer, Peter"]
[Result "0-1"]
[WhiteElo "2363"]
[BlackElo "2137"]
[PlyCount "94"]
[EventDate "2016.??.??"]

1. d4 d5 2. c4 e6 3. Nf3 Nf6 4. g3 Be7 5. Bg2 O-O 6. O-O dxc4 7. Qc2 b5 8. a4
b4 9. Ne5 Qxd4 10. Nxc4 c6 11. Nbd2 Ba6 12. b3 Nbd7 13. Bb2 Qc5 14. Rac1 Rac8
15. Qb1 Qh5 16. Rfe1 Rfd8 17. Nf3 c5 18. a5 Nd5 19. e4 Nc3 20. Bxc3 bxc3 21. e5
Nb8 22. Rxc3 Nc6 23. Nfd2 Nd4 24. Rce3 Rb8 25. Qa2 Nf5 26. Rc3 Nd4 27. Rce3 Nf5
28. Rc3 Nd4 29. Bf1 Bb7 30. a6 Bd5 31. Rce3 Nf5 32. Rc3 Nd4 33. Qa5 Nc6 34. Qa1
Nd4 35. Qd1 Qxd1 36. Rxd1 Bf3 37. Re1 Bd5 38. Bg2 Bxc4 39. bxc4 Rb2 40. Ne4
Ne2+ 41. Kh1 Nxc3 42. Nxc3 Rdd2 (42... Rc2 43. Nb5) 43. Nb5 Rxf2 44. Bb7 Bg5
45. Kg1 Rfc2 46. Bf3 Ra2 47. Bb7 Be3+ 0-1

[Event "Hoogeveen Open"]
[Site "Hoogeveen, Netherlands"]
[Date "2016.10.21"]
[Round "8.19"]
[White "Eck, Mathias"]
[Black "Strating, Sybolt"]
[Result "0-1"]
[WhiteElo "2082"]
[BlackElo "2276"]
[PlyCount "76"]
[EventDate "2016.??.??"]

1. c4 c6 2. Nf3 d5 3. e3 Nf6 4. Nc3 a6 5. d4 Bf5 6. Nh4 Bg4 7. Qb3 Bc8 8. Nf3
e6 9. Bd3 dxc4 10. Bxc4 b5 11. Be2 c5 12. dxc5 Bxc5 13. O-O Nbd7 14. Rd1 Qb6
15. a4 b4 16. a5 Qc7 17. Nb1 O-O 18. Nbd2 Bb7 19. Qa2 Rfd8 20. Nb3 Bd5 21. Qa4
Be7 22. Bd2 Qb7 23. Rac1 Ne4 24. Be1 Rab8 25. Bc4 Bc6 26. Qa1 Nd6 27. Nbd4 Be4
28. Bd3 Bd5 29. Qb1 g6 30. Ne2 Bxf3 31. gxf3 Qxf3 32. Nd4 Qg4+ 33. Kh1 Bf6 34.
Be2 Qh3 35. Nc6 Ne5 36. Bxb4 Nf3 37. Bxf3 Qxf3+ 38. Kg1 Rb5 0-1

[Event "Hoogeveen Open"]
[Site "Hoogeveen, Netherlands"]
[Date "2016.10.21"]
[Round "8.20"]
[White "Bekedam, Tyro"]
[Black "Buckels, Valentin"]
[Result "0-1"]
[WhiteElo "2069"]
[BlackElo "2273"]
[PlyCount "70"]
[EventDate "2016.??.??"]

1. e4 e5 2. Nf3 Nc6 3. Bb5 a6 4. Ba4 Nf6 5. O-O d6 6. Re1 Bg4 7. c3 Nd7 8. d3
Be7 9. Nbd2 O-O 10. Nf1 b5 11. Bc2 Bh4 12. Ne3 Bh5 13. Nf5 Bf6 14. h3 Nc5 15.
g4 Bg6 16. g5 Be7 17. d4 exd4 18. cxd4 Nd7 19. h4 Bh5 20. Be3 Kh8 21. Rc1 Nce5
22. dxe5 Nxe5 23. N5d4 c5 24. Bf4 cxd4 25. Bxe5 dxe5 26. Qd3 f6 27. Bb3 Bxf3
28. Qxf3 fxg5 29. Qh5 gxh4 30. Bd5 Rc8 31. Be6 Rxc1 32. Rxc1 Qb6 33. Bd5 Qf6
34. Rc2 d3 35. Rd2 Bb4 0-1

[Event "Hoogeveen Open"]
[Site "Hoogeveen, Netherlands"]
[Date "2016.10.21"]
[Round "8.21"]
[White "Bunyatov, Rustam"]
[Black "Fehr, Axel"]
[Result "1-0"]
[WhiteElo "2249"]
[BlackElo "2130"]
[PlyCount "135"]
[EventDate "2016.??.??"]

1. e4 c5 2. g3 Nc6 3. Bg2 g6 4. Ne2 Bg7 5. c3 e5 6. O-O Nge7 7. d3 O-O 8. Be3
d6 9. d4 cxd4 10. cxd4 d5 11. Nbc3 exd4 12. Nxd4 dxe4 13. Nxc6 Nxc6 14. Bxe4
Bh3 15. Re1 Qxd1 16. Raxd1 Ne5 17. Bd4 Rad8 18. Bxe5 Bxe5 19. Bxb7 Rxd1 20.
Nxd1 Bd4 21. b3 Rd8 22. Bg2 Be6 23. Bf3 h5 24. h4 Rc8 25. Ne3 Rc3 26. Kg2 Kf8
27. Re2 Bc5 28. Rc2 Rxc2 29. Nxc2 Bf5 30. Ne3 Bb1 31. a4 Bd3 32. Bd5 Ke7 33.
Kf3 Bb4 34. Bc4 Bxc4 35. Nxc4 Ke6 36. Ne3 f6 37. Nc2 Bc3 38. Ke3 g5 39. Nd4+
Kd5 40. Nf5 gxh4 41. gxh4 Kc5 42. Kd3 Be1 43. f3 Kb4 44. Kc2 Bf2 45. Ng7 Bxh4
46. Nxh5 Bg5 47. Ng7 Bf4 48. Nf5 Be5 49. Ne3 Bd4 50. Nc4 Kc5 51. Kd3 Ba1 52.
Ne3 Bb2 53. Nc2 a5 54. Ne3 Kb4 55. Kc2 Bd4 56. Nc4 Ba1 57. Nb2 Ka3 58. Nd3 Bd4
59. Nf4 Kb4 60. Nd5+ Kc5 61. Nc3 Kb4 62. Na2+ Kc5 63. b4+ axb4 64. Kb3 Be5 65.
Nxb4 Kd4 66. Nc6+ Ke3 67. Nxe5 fxe5 68. a5 1-0

[Event "Hoogeveen Open"]
[Site "Hoogeveen, Netherlands"]
[Date "2016.10.21"]
[Round "8.22"]
[White "Cornelisse, John"]
[Black "Vedder, Richard"]
[Result "0-1"]
[WhiteElo "2131"]
[BlackElo "2205"]
[PlyCount "67"]
[EventDate "2016.??.??"]

1. d4 d5 2. Nf3 Bf5 3. c4 e6 4. Qb3 Nc6 5. Bd2 Rb8 6. e3 Nf6 7. Nc3 Be7 8. Be2
O-O 9. cxd5 exd5 10. Rc1 a6 11. O-O Qd6 12. Na4 Ne4 13. Nc5 Bg4 14. Qd1 Qg6 15.
Nxe4 dxe4 16. Nh4 Bxh4 17. Bxg4 f5 18. Bh5 Qd6 19. Qc2 Kh8 20. Be2 Bf6 21. f3
f4 22. d5 fxe3 23. Bxe3 Qxd5 24. fxe4 Qxa2 25. Bc4 Qa5 26. Rf5 Be5 27. Rcf1
Rxf5 28. exf5 Bf6 29. g4 Re8 30. Be6 Qb4 31. h3 Qd6 32. Bf4 Qd4+ 33. Kg2 Be5
34. Rd1 0-1

[Event "Hoogeveen Open"]
[Site "Hoogeveen, Netherlands"]
[Date "2016.10.21"]
[Round "8.23"]
[White "De Graaf, Dick"]
[Black "Henseler, Jorgen"]
[Result "1-0"]
[WhiteElo "2195"]
[BlackElo "2053"]
[PlyCount "91"]
[EventDate "2016.??.??"]

1. e4 c5 2. Nf3 Nc6 3. c4 Nf6 4. Nc3 e6 5. d3 d5 6. Bg5 d4 7. Ne2 e5 8. g3 h6
9. Bd2 Be6 10. Bg2 Qd7 11. h3 Bd6 12. g4 Qc7 13. Ng3 O-O-O 14. a3 a5 15. Qc2
Ne7 16. b4 cxb4 17. axb4 Bxb4 18. Bxb4 axb4 19. O-O Nc6 20. Nd2 g5 21. Nb3 b6
22. Nf5 Nd7 23. Qd2 Nc5 24. Nxc5 bxc5 25. Ra6 Kd7 26. Rfa1 Rb8 27. R6a2 Rb6 28.
Bf3 f6 29. Kg2 Bxf5 30. exf5 Rhb8 31. h4 b3 32. Rb2 e4 33. Bxe4 Ne5 34. f3 h5
35. hxg5 hxg4 36. f4 Nf3 37. Bxf3 gxf3+ 38. Kxf3 fxg5 39. fxg5 Rh8 40. Qg2 Re8
41. Kg4 Re3 42. Rh1 Qe5 43. Rh7+ Kd8 44. Qa8+ Rb8 45. Rh8+ Kd7 46. Qa7+ 1-0

[Event "Hoogeveen Open"]
[Site "Hoogeveen, Netherlands"]
[Date "2016.10.21"]
[Round "8"]
[White "Clemens, Adrian"]
[Black "Vogel, Jaap"]
[Result "1/2-1/2"]
[WhiteElo "2162"]
[BlackElo "2134"]
[PlyCount "45"]
[EventDate "2016.??.??"]
[Source "ChessPublishing"]
[SourceDate "2016.10.20"]

1. d4 e6 2. c4 f5 3. g3 Nf6 4. Bg2 c6 5. Nf3 d5 6. O-O Bd6 7. Qc2 O-O 8. Nc3
Ne4 9. Rb1 a5 10. c5 Bc7 11. Bf4 Bxf4 12. gxf4 Nd7 13. Na4 g5 14. Nxg5 Nxg5 15.
fxg5 Qxg5 16. f4 Qh4 17. Qb3 Kf7 18. Nb6 Rb8 19. Nxd7 Bxd7 20. Qb6 Qd8 21. Qxd8
Rfxd8 22. a3 b5 23. b3 1/2-1/2

[Event "Hoogeveen Open"]
[Site "Hoogeveen, Netherlands"]
[Date "2016.10.21"]
[Round "8"]
[White "Vardan Nagpal"]
[Black "Slingerland, Fred"]
[Result "1-0"]
[WhiteElo "2117"]
[BlackElo "2344"]
[PlyCount "55"]
[EventDate "2016.??.??"]
[Source "ChessPublishing"]
[SourceDate "2016.10.20"]

1. d4 d5 2. c4 dxc4 3. Nf3 Nf6 4. e3 e6 5. Bxc4 c5 6. O-O Nc6 7. Qe2 a6 8. dxc5
Bxc5 9. e4 Qc7 10. e5 Nd7 11. Bf4 Nd4 12. Nxd4 Bxd4 13. Rd1 Bxb2 14. Qxb2 Qxc4
15. Rd4 Qc5 16. Nd2 O-O 17. Rc1 Qb6 18. Rb4 Qd8 19. Ne4 Nb8 20. Bg5 Qd5 21.
Nf6+ gxf6 22. Bxf6 Qd3 23. Rg4+ Qg6 24. h3 Nd7 25. Qd2 Nxf6 26. exf6 e5 27.
Rxg6+ fxg6 28. Rc7 1-0

[Event "Hoogeveen Open"]
[Site "Hoogeveen, Netherlands"]
[Date "2016.10.21"]
[Round "8.26"]
[White "Nguyen, Kevin"]
[Black "Van der Raaf, Erik"]
[Result "1/2-1/2"]
[WhiteElo "2185"]
[BlackElo "2117"]
[PlyCount "107"]
[EventDate "2016.??.??"]

1. e4 e6 2. d4 d5 3. Nd2 a6 4. Ngf3 c5 5. c3 Nc6 6. Bd3 cxd4 7. cxd4 dxe4 8.
Nxe4 Bb4+ 9. Nc3 Nf6 10. O-O O-O 11. Bg5 h6 12. Bh4 Be7 13. a3 Nd5 14. Bg3 Bd6
15. Bc2 Bxg3 16. hxg3 Nf6 17. Qd3 Ne7 18. g4 Bd7 19. g5 hxg5 20. Nxg5 Re8 21.
Qh3 Bc6 22. Rad1 Ned5 23. Nce4 Rc8 24. Qh4 Bb5 25. Bd3 Nxe4 26. Qh7+ Kf8 27.
Nxe4 Nf6 28. Nxf6 Qxf6 29. Bxb5 axb5 30. d5 Qf5 31. Qh8+ Ke7 32. Qh4+ g5 33.
Qb4+ Kf6 34. f4 g4 35. Qd4+ Kg6 36. Rde1 exd5 37. Re5 Rxe5 38. fxe5 Qe4 39.
Qb6+ Rc6 40. Qxb7 Qe3+ 41. Kh1 Qh6+ 42. Kg1 Qe3+ 43. Kh2 Qxe5+ 44. Kh1 Qh8+ 45.
Kg1 Qd4+ 46. Kh1 Rf6 47. Rxf6+ Kxf6 48. Qb8 Qe5 49. Qh8+ Kf5 50. Qh5+ Kf6 51.
Qh8+ Kf5 52. Qh5+ Kf6 53. Qh8+ Kf5 54. Qh5+ 1/2-1/2

[Event "Hoogeveen Open"]
[Site "Hoogeveen, Netherlands"]
[Date "2016.10.21"]
[Round "8.27"]
[White "Dushyant Sharma"]
[Black "Roebers, Jan"]
[Result "1-0"]
[WhiteElo "2039"]
[BlackElo "2151"]
[PlyCount "105"]
[EventDate "2016.??.??"]

1. e4 e5 2. Nf3 Nc6 3. Nc3 Nf6 4. Bb5 Bd6 5. O-O O-O 6. d4 exd4 7. Nxd4 Nxd4 8.
Qxd4 Ng4 9. h3 Bh2+ 10. Kh1 Be5 11. Qd3 Qh4 12. Qe2 d6 13. Be3 Nh2 14. f4 Nxf1
15. Rxf1 Bxc3 16. bxc3 c6 17. Bd3 f5 18. e5 dxe5 19. Bc4+ Kh8 20. Bc5 Rd8 21.
Qxe5 Qf6 22. Qxf6 gxf6 23. Be7 Rd5 24. Bxf6+ Kg8 25. Bxd5+ cxd5 26. Re1 Kf7 27.
Bd4 b5 28. Kh2 Be6 29. Re5 h5 30. g4 hxg4 31. hxg4 fxg4 32. f5 Bd7 33. Rxd5 Bc6
34. Rd6 Rc8 35. Rf6+ Ke7 36. Rh6 Bd5 37. Rh7+ Bf7 38. Kg3 a5 39. a3 b4 40. axb4
axb4 41. cxb4 Rxc2 42. Bc5+ Kf6 43. Bd4+ Ke7 44. Rh6 Rc4 45. Bc5+ Kd7 46. Ra6
Re4 47. Ra7+ Ke8 48. f6 Bc4 49. Rc7 Re1 50. Kxg4 Rf1 51. Kg5 Bd3 52. Re7+ Kd8
53. f7 1-0